| 000 | 00586nam a2200205 i 4500 | ||
|---|---|---|---|
| 001 | 81377 | ||
| 003 | ES-MaACL | ||
| 005 | 20250731061528.0 | ||
| 007 | t| | ||
| 008 | 041104s1971 sp ||||1| spa d | ||
| 100 | 0 |
_aHughes, Ted, _d1930-1998 _964619 |
|
| 245 | 1 | 0 |
_aAntología poética / _cTed Hughes ; versión de Jesús Pardo. |
| 250 | _a1ª ed. | ||
| 260 |
_aBarcelona : _bPlaza & Janés, _c1971. |
||
| 300 |
_a247 p. ; _c19 cm. |
||
| 500 | _aTexto bilingüe. | ||
| 700 | 1 |
_aPardo, Jesús, _d1927-2020 _9138804 |
|
| 852 |
_aES-MaACL _jC-41182 |
||
| 999 |
_c81377 _d81377 |
||